| 000 | 01419nam a2200313 4500 | ||
|---|---|---|---|
| 001 | 26 | ||
| 003 | OSt | ||
| 005 | 20250528074009.0 | ||
| 008 | 250121b |||||||g |||| 00| 1 eng d | ||
| 040 | _bpor | ||
| 041 |
_heng _apor |
||
| 082 |
_a823 _bA545m |
||
| 100 | 1 |
_aAnderson, Poul, _d1926-2001. _962 |
|
| 240 | _aWorld without stars | ||
| 245 |
_aMundo sem estrelas / _cAnderson, Poul ; Tradução de Agatha Maria Auersperg |
||
| 260 |
_aSão Paulo _bNova Época _c1974 |
||
| 300 | _a181 p. | ||
| 520 | _aUm homem normal teria se deitado e morrido, mas para Hugh Valland a tarefa diante dele parecia bastante simples. Era necessário organizar uma revolução por um grupo de primitivos contra seus senhores telepáticos; construir com a ajuda desses mesmos primitivos uma nave espacial virtualmente do zero; contatar, por meio dessa nave espacial, um terceiro grupo de alienígenas e alistar sua ajuda para retornar para casa através do abismo galáctico. Na pior das hipóteses, levaria uma vida inteira... e o único amor verdadeiro de Valland, Mary O'Meara, estava esperando. | ||
| 650 | 0 |
_aLiteratura Inglesa _989 |
|
| 650 | 0 |
_aAventura _947 |
|
| 650 | 0 |
_aFicção Científica _963 |
|
| 650 | 0 |
_aSeres de outro planeta _9222 |
|
| 650 | 0 |
_aFantasia _945 |
|
| 650 | 0 |
_aAção _964 |
|
| 655 | 0 |
_aRomance _923 |
|
| 655 | 0 |
_aFicção _922 |
|
| 700 |
_aAgatha Maria Auersperg _eTradutor _965 |
||
| 942 |
_2ddc _n0 _cBK |
||
| 999 |
_c26 _d26 |
||